000 00469nam a2200181Ia 4500
008 240925s9999 xx 000 0 und d
020 _a9788130918112
082 _a621.3692078 SHE
100 _aNot - Available
245 0 _aFiber Optics through Experiments
250 _a3rd
260 _aNew Delhi:
_bViva Books
_c,2017.
300 _a300p.
_b0
_fOriginal
500 _aIncludes Index
600 _aElectronic Engineering
650 _aTechnology
942 _cBK
999 _c14146
_d14146